Riconosci il Pokémon - Quiz n°51 - Statistics

Statistiche generali
  • Questo quiz è stato fatto 10 volte
  • Il punteggio medio è 9 su 10
Statistiche sulle risposte
Indizio Risposta % Corretto
Tipo Erba
100%
Stadio evoluzione Forma Base
100%
Generazione Quarta
100%
Altezza 0,4 m
90%
Sesso 50% ♂, 50% ♀
90%
Abilità Clorofilla
90%
Tasso di cattura 190 (35.2%)
80%
Peso 3,3 kg
80%
Tasso di allevamento Medio-Veloce
80%
Pokémon Cherubi
70%
Nessun quiz corrispondente trovato
Distribuzione punteggi
Percentuale di utenti per punteggio
Percentile per numero di risposta
I tuoi punteggi nel tempo
Non hai fatto questo quiz